000 00911nam a2200265 a 4500
001 BRL_1329
005 20190320211142.0
008 070114c1978----u--a#####c---#000-0#eng-#
041 _aeng
050 4 _aNK844
_b.J48 1978
100 1 _aJeter, James
_94735
245 1 0 _aThe Saltillo Sarape
_ctext by James Jeter, Paula Marie Juelke ; photography by Michael Caden.
260 _aSanta Barbara, California
_bNew World Arts
_c1978
300 _a97 p.
_bil. a color
_c28 cm.
500 _aCatálogo de la exposición organizada por The Santa Barbara Museum of Art
500 _aLa biblioteca cuenta con 2 ejemplares
500 _aej.1 Au1559, ej.2 Au1560
504 _aBibliografía : p. 34-35
650 1 4 _aSarapes
_vExposiciones
_zMéxico
_94736
650 1 4 _aTelas
_zSaltillo, México
_94737
700 1 _aJuelke, Paula Marie
_94738
700 1 _aCaden, Michael
_94739
902 _aGRL
942 _2lcc
_cB
999 _c10141
_d10141